Football - Ils ont sélectionné l'équipe de France - Statistiques

Statistiques générales
  • Ce quiz a été pris 150 fois
  • Le résultat moyen est 8 sur 15
Statistiques - réponses
Hint Réponse % Correct

Didier Deschamps
93%

Laurent Blanc
90%

Raymond Domenech
90%

Michel Platini
89%

Aimé Jacquet
80%

Gérard Houllier
61%

Just Fontaine
57%

Michel Hidalgo
45%

Roger Lemerre
38%

Albert Batteux
37%

Henri Michel
35%

Jacques Santini
30%

Gaston Barreau
26%

Ștefan Kovács
25%

Conrad Ross
23%
Aucun quiz correspondant
Distribution des résultats
% des personnes avec chaque résultat
Percentile par nombre de réponses
Votre historique - résultats
Vous n’avez pas pris ce quiz